|
|
|
|
| LEADER |
02257nam a2200325 a 4500 |
| 001 |
8476 |
| 003 |
BD-DhAAL |
| 008 |
090412s2000 bg 000 0 eng d |
| 010 |
|
|
|a ltf91076338
|
| 040 |
|
|
|a BD-DhAAL
|c BD-DhAAL
|
| 082 |
0 |
0 |
|a 530.08
|
| 100 |
1 |
|
|a Ahmed,Giasuddin.
|9 41425
|
| 245 |
0 |
0 |
|a Practical physics :
|b for degree students /
|c Ahmed, Giasuddin, Md.Shahabuddin.
|
| 250 |
|
|
|a Fourth edition.
|
| 260 |
|
|
|a Dhaka :
|b Hafiz book centre,
|c 2000.
|
| 300 |
|
|
|a 544 pages.
|
| 541 |
1 |
|
|e 8476
|
| 650 |
|
0 |
|a Physics.
|9 41426
|
| 700 |
|
|
|a Shahabuddin, Md.
|9 41427
|
| 852 |
|
|
|a Ayesha Abed Library
|j General Stacks
|
| 942 |
|
|
|2 ddc
|c BK
|
| 999 |
|
|
|c 193
|d 193
|
| 952 |
|
|
|0 0
|1 0
|2 ddc
|4 0
|6 530_080000000000000_AHM_2000
|7 0
|9 178
|a BRACUL
|b BRACUL
|c GEN
|d 2009-04-29
|g 0.00
|l 19
|m 93
|o 530.08 AHM
|p 3010008476
|r 2025-06-18
|s 2025-03-09
|t 1
|w 2009-04-29
|y BK
|x No price found in the accession register.
|
| 952 |
|
|
|0 0
|1 0
|2 ddc
|4 1
|6 530_080000000000000_AHM
|7 0
|9 8915
|a BRACUL
|b BRACUL
|d 2010-03-31
|l 16
|m 107
|o 530.08 AHM
|p 3010008482
|r 2018-09-16
|s 2018-05-10
|t 2
|w 2010-03-31
|y BK
|x Permanently damaged and unrepairable.
|
| 952 |
|
|
|0 0
|1 0
|2 ddc
|4 0
|6 530_080000000000000_AHM_2000
|7 0
|9 8970
|a BRACUL
|b BRACUL
|c GEN
|d 2010-04-05
|l 23
|m 45
|o 530.08 AHM
|p 3010008481
|r 2026-01-19
|s 2025-01-04
|t 3
|w 2010-04-05
|y BK
|
| 952 |
|
|
|0 0
|1 0
|2 ddc
|4 0
|6 530_080000000000000_AHM_2000
|7 0
|9 8975
|a BRACUL
|b BRACUL
|c GEN
|d 2010-04-05
|l 23
|m 89
|o 530.08 AHM
|p 3010008475
|r 2024-06-12
|s 2024-06-06
|t 4
|w 2010-04-05
|y BK
|
| 952 |
|
|
|0 0
|1 0
|2 ddc
|4 1
|6 530_080000000000000_AHM
|7 0
|9 14671
|a BRACUL
|b BRACUL
|c SPS
|d 2011-03-15
|l 10
|m 47
|o 530.08 AHM
|p 3010008480
|r 2020-02-12
|s 2020-02-06
|t 5
|w 2011-03-15
|y BK
|x Photocopy Book. Declared as Damaged on December 10, 2023
|
| 952 |
|
|
|0 0
|1 0
|2 ddc
|4 0
|6 530_080000000000000_AHM_2000
|7 0
|9 15919
|a BRACUL
|b BRACUL
|c GEN
|d 2011-03-30
|l 21
|m 129
|o 530.08 AHM
|p 3010008478
|r 2025-05-25
|s 2025-03-06
|t 6
|w 2011-03-30
|y BK
|
| 952 |
|
|
|0 0
|1 0
|2 ddc
|4 0
|6 530_080000000000000_AHM_2000
|7 0
|9 15920
|a BRACUL
|b BRACUL
|c GEN
|d 2011-03-30
|l 15
|m 79
|o 530.08 AHM
|p 3010008477
|r 2024-06-12
|s 2024-06-06
|t 7
|w 2011-03-30
|y BK
|
| 952 |
|
|
|0 0
|1 3
|2 ddc
|4 0
|6 530_080000000000000_AHM
|7 0
|9 15921
|a BRACUL
|b BRACUL
|c GEN
|d 2011-03-30
|g 160.00
|l 3
|m 11
|o 530.08 AHM
|p 3010008479
|r 2016-02-09
|s 2014-09-29
|t 8
|v 0.00
|w 2011-03-30
|y BK
|x lost and cost paid by ID-13101145 BDT-320/- (Date-09.02.16)
|